UBT Library

Grief counseling and grief therapy : (Record no. 41272)

000 -LEADER
fixed length control field 00829cam a22002534a 4500
001 - CONTROL NUMBER
control field 12456144
005 - DATE AND TIME OF LATEST TRANSACTION
control field 20180130053321.0
008 - FIXED-LENGTH DATA ELEMENTS--GENERAL INFORMATION
fixed length control field 010629s2002 nyu b 001 0 eng
010 ## - LIBRARY OF CONGRESS CONTROL NUMBER
LC control number 2001049001
020 ## - INTERNATIONAL STANDARD BOOK NUMBER
International Standard Book Number 0826141625
040 ## - CATALOGING SOURCE
Original cataloging agency DLC
Transcribing agency DLC
Modifying agency DLC
041 ## - LANGUAGE CODE
Language code of text/sound track or separate title eng
042 ## - AUTHENTICATION CODE
Authentication code pcc
080 ## - UNIVERSAL DECIMAL CLASSIFICATION NUMBER
Universal Decimal Classification number 616.8914
082 00 - DEWEY DECIMAL CLASSIFICATION NUMBER
Classification number 616.8914 WOR
Edition number 21
100 1# - Rafti
Rafti 7
101 ## - Shkurtesa
Shkurtesa NEU
245 10 - TITLE STATEMENT
Title Grief counseling and grief therapy :
Statement of responsibility, etc J. William Worden.
504 ## - BIBLIOGRAPHY, ETC. NOTE
Bibliography, etc Bibliography: p. 203-224.
504 ## - BIBLIOGRAPHY, ETC. NOTE
Bibliography, etc Includes bibliographical references and index.
906 ## - LOCAL DATA ELEMENT F, LDF (RLIN)
a 7
b cbc
c orignew
d 1
e ocip
f 20
g y-gencatlg
942 ## - ADDED ENTRY ELEMENTS (KOHA)
Source of classification or shelving scheme
Item type Books
Holdings
Withdrawn status Lost status Source of classification or shelving scheme Damaged status Not for loan Collection code Permanent location Current location Shelving location Date acquired Total Checkouts Full call number Barcode Date last seen Price effective from Koha item type
          Koleksioni i përgjithshem UBT - Lipjan UBT - Lipjan Koleksioni i përgjithshem 01/30/2018   616.8914 WOR 002-2996744 01/30/2018 01/30/2018 Books
UBT Library © 2015-2024. All rights reserved University Education for Business and Technology